| 000 | 01567cad a22002415a 4500 | ||
|---|---|---|---|
| 001 | L156406 | ||
| 008 | 120517s201 xxk f 000 0 eng d | ||
| 035 | _a(Sirsi) u156406 | ||
| 041 | 0 | _aeng | |
| 110 | 2 |
_aChartered Institute of Housing _92394 |
|
| 245 | 0 | 4 |
_aThe housing report _bEdition 2 May 2012 _h[electronic resource] |
| 260 |
_aLondon _bCIH _bNHF _bShelter _c2012 |
||
| 505 | 2 | _aIntroduction --Summary of findings -- Housing Supply -- Planning -- Overcrowding -- Homelessness -- Evictions, repossessions and arrears -- Help with housing costs -- Empty homes -- Mobility -- Affordability of private rented sector -- Homeownership -- Conclusions -- Appendix | |
| 520 | _aCritises the Coalition Government for failing to meet its agreed housing objectives of housing supply, planning, overcrowding, homelessness, evictions, repossessions and arrears, help with housing costs, empty homes, mobility, affordability of private rented sector and homeownership. It is particularly critical of how it dealing with housing supply, affordability of the private rented sector and homelessness. Highlights the pressure the housing market is under and the need to increase the supply of new homes to meet demand both for rent and purchase. | ||
| 590 | _aKA NTK | ||
| 651 | 4 |
_aEngland and Wales _y1543- |
|
| 690 |
_aResidential property _96266 |
||
| 690 |
_aAffordable housing _96215 |
||
| 710 | 1 |
_aNational Housing Federation _9695 |
|
| 710 | 1 |
_aShelter _92788 |
|
| 856 | 4 | 0 |
_uhttps://www.cih.org/housingreport _zView the item free of charge at www.cih.org |
| 942 | _n0 | ||
| 999 |
_c114242 _d114242 |
||